| 000 | 00641nam a2200181 a 4500 | ||
|---|---|---|---|
| 001 | 000029764 | ||
| 005 | 20210629083418.0 | ||
| 008 | 110425s1985 dr a r 000 0 spa d | ||
| 040 |
_aDO-SdBNP _bspa _cBNPHU |
||
| 082 |
_axxx _bP438m |
||
| 100 | 1 |
_aPérez, Rafael Leonidas _925969 |
|
| 245 | 1 | 0 |
_aMinguilan o el jungan del sur / _cRafael Leonidas Pérez (Hijo). |
| 260 |
_aSanto Domingo : _bUniversitaria-UASD- , _c1985. |
||
| 300 |
_a42 p. : _bil. ; _c23 cm. |
||
| 490 | 1 |
_aPubliacaciones de la Universidad Autónoma de Santo Domingo _v461 |
|
| 830 |
_aPubliacaciones de la Universidad Autónoma de Santo Domingo _v461 _956533 |
||
| 049 | _aBNPD | ||
| 999 |
_c29256 _d29256 |
||